[Event "IND-ch U17 20th"]
[Site "Chakradharpur"]
[Date "2009.10.12"]
[Round "8"]
[White "Shankar, Nilesh"]
[Black "Surendran, N."]
[Result "0-1"]
[WhiteElo "1870"]
[BlackElo "2105"]
[PlyCount "98"]
[EventDate "2009.10.07"]
[EventType "swiss"]
[EventRounds "11"]
[EventCountry "IND"]
[SourceTitle "CBM 132 Extra"]
[Source "ChessBase"]
[SourceDate "2009.11.03"]
[SourceVersion "1"]
[SourceVersionDate "2009.11.03"]
[SourceQuality "1"]

1. c4 e5 2. Nc3 Nf6 3. Nf3 Nc6 4. g3 Bc5 5. Nxe5 Bxf2+ 6. Kxf2 Nxe5 7. e4 d6 8. d4 Ng6 9. Be2 h5 10. Bg5 Ng4+ 11. Bxg4 Qxg5 12. Bxc8 Rxc8 13. h4 Qf6+ 14. Kg2 Qe6 15. Qe2 Rh6 16. Rhf1 Ne7 17. Rf3 c5 18. d5 Qe5 19. Raf1 f6 20. Qc2 Kf7 21. Qd2 a6 22. Qf4 Qxf4 23. gxf4 Rg6+ 24. Kh3 Rg4 25. Nd1 f5 26. e5 Ng6 27. Ne3 Rxh4+ 28. Kg3 dxe5 29. Nxf5 exf4+ 30. Kf2 Rh2+ 31. Kg1 Kf6 32. Kxh2 Kxf5 33. a3 b5 34. cxb5 axb5 35. Rb3 Ne5 36. Rxb5 g5 37. Rb7 Rd8 38. Rd1 Ng4+ 39. Kg1 Ne3 40. Rd3 c4 41. Rd2 g4 42. Rf7+ Kg5 43. Rg7+ Kf6 44. Rh7 Kg6 45. Rc7 g3 46. Re7 h4 47. d6 h3 48. Kh1 Ng4 49. d7 Nf2+ 0-1

[Event "IND-ch U17 20th"]
[Site "Chakradharpur"]
[Date "2009.10.09"]
[Round "4"]
[White "Shankar, Nilesh"]
[Black "Manigandan, SS."]
[Result "1/2-1/2"]
[WhiteElo "1870"]
[BlackElo "2048"]
[PlyCount "120"]
[EventDate "2009.10.07"]
[EventType "swiss"]
[EventRounds "11"]
[EventCountry "IND"]
[SourceTitle "CBM 132 Extra"]
[Source "ChessBase"]
[SourceDate "2009.11.03"]
[SourceVersion "1"]
[SourceVersionDate "2009.11.03"]
[SourceQuality "1"]

1. c4 e5 2. Nc3 Nc6 3. Nf3 Nf6 4. g3 Be7 5. Bg2 d6 6. d4 Bg4 7. dxe5 dxe5 8. 0-0 0-0 9. Qb3 Qc8 10. Rd1 Nd7 11. Nd5 Bd6 12. Qc2 f6 13. a3 a5 14. Be3 Re8 15. c5 Bf8 16. Qc4 Be6 17. Bh3 Nd8 18. Bxe6+ Nxe6 19. c6 bxc6 20. Qxc6 Bd6 21. Nxc7 Bxc7 22. Rxd7 Qa6 23. Rxc7 Nxc7 24. Qxc7 Qxe2 25. Nh4 Qd3 26. Qc3 Qxc3 27. bxc3 Rac8 28. Rc1 Rc4 29. Rc2 Rb8 30. Bc1 Rd8 31. Nf5 Rd3 32. Bb2 Kf7 33. Ne3 Rc6 34. Kf1 Ke6 35. Ke2 Rd8 36. c4 f5 37. f4 exf4 38. gxf4 Rg8 39. Kf3 g5 40. fxg5 Rxg5 41. Re2 Kf7 42. Kf4 Rh5 43. Rc2 Rh4+ 44. Kxf5 Rc5+ 45. Nd5 Rhxc4 46. Rxc4 Rxc4 47. Be5 Ra4 48. Bd6 Rd4 49. Ke5 Rh4 50. Bc7 Rxh2 51. Bxa5 Re2+ 52. Kf4 Ke6 53. Ne3 Kd7 54. Bb4 Kc6 55. Ng4 Kb5 56. Nf6 h6 57. Kf5 Rf2+ 58. Kg6 Ka4 59. Ng4 Rg2 60. Kh5 Rg3 1/2-1/2

[Event "IND-ch U17 20th"]
[Site "Chakradharpur"]
[Date "2009.10.08"]
[Round "2"]
[White "Kathmale, Sameer"]
[Black "Shankar, Nilesh"]
[Result "1/2-1/2"]
[WhiteElo "2117"]
[BlackElo "1870"]
[PlyCount "69"]
[EventDate "2009.10.07"]
[EventType "swiss"]
[EventRounds "11"]
[EventCountry "IND"]
[SourceTitle "CBM 132 Extra"]
[Source "ChessBase"]
[SourceDate "2009.11.03"]
[SourceVersion "1"]
[SourceVersionDate "2009.11.03"]
[SourceQuality "1"]

1. e4 c5 2. c3 d5 3. exd5 Qxd5 4. Nf3 Bg4 5. Be2 Nc6 6. Na3 e6 7. d4 Nf6 8. Nb5 Qd8 9. dxc5 Bxc5 10. Bg5 Qb6 11. Nfd4 Bxe2 12. Qxe2 Nxd4 13. cxd4 Bxd4 14. 0-0 0-0 15. Nxd4 Qxd4 16. Rad1 Qg4 17. Qe5 Nd5 18. Rd4 Qh5 19. Rh4 Qg6 20. h3 f5 21. Rd4 Rae8 22. Bh4 f4 23. Re1 Rf5 24. Qd6 Rh5 25. Bd8 Qf5 26. h4 Qf8 27. Qxf8+ Rxf8 28. Bg5 h6 29. Rxe6 hxg5 30. Rxd5 Rxh4 31. Re7 Rc8 32. Kf1 Rc2 33. g3 fxg3 34. Rxg5 gxf2 35. Rexg7+ 1/2-1/2